Diálogos Socráticos: Apología; Critón; Eutifrón; Fedón; Fedro; Banquete; Menón / Estudio preliminar por Ángel Vassallo
Saved in:
| Main Author: | |
|---|---|
| Format: | Book |
| Language: | Undetermined |
| Published: |
Estados Unidos
Editorial Cumbre
1979
|
| Edition: | 14 |
| Subjects: | |
| Tags: |
Add Tag
No Tags, Be the first to tag this record!
|
MARC
| LEADER | 00000nam a2200000Ia 4500 | ||
|---|---|---|---|
| 008 | 170316s9999 xx 000 0 und d | ||
| 040 | |a cru BVZT | ||
| 090 | |a E-808 P-1d | ||
| 100 | |a Platón | ||
| 245 | |a Diálogos Socráticos: Apología; Critón; Eutifrón; Fedón; Fedro; Banquete; Menón / Estudio preliminar por Ángel Vassallo | ||
| 250 | |a 14 | ||
| 260 | |a Estados Unidos | ||
| 260 | |b Editorial Cumbre | ||
| 260 | |c 1979 | ||
| 300 | |a 381 páginas | ||
| 650 | |a LITERATURA CLÁSICA - COLECCIÓN ESPECIAL | ||
| 650 | |a DIÁLOGOS SOCRATICOS | ||
| 650 | |a APOLOGÍA DE SÓCRATES | ||
| 650 | |a CRITÓN | ||
| 650 | |a EUTIFRÓN | ||
| 650 | |a FEDÓN | ||
| 650 | |a FEDRO | ||
| 650 | |a BANQUETE | ||
| 650 | |a MENÓN | ||
| 999 | |c 13261 |d 13261 | ||
| 942 | |c 15 D |h E-808 P-1d |2 z | ||
